000 00649nam a2200205Ia 4500
008 191130s2000##################000#0#eng##
020 _a9780195085129
040 _aACL
_cACL
082 _a577.01 CAS
100 _aCase, Ted J
245 _aAn illustrated guide to theoretical ecology
_cTed J. Case
250 _a1st ed
260 _aOxford
_bOxford University Press
_c2000
300 _axi, 449 p. : ill. (some col.), maps ; 28 cm
500 _aIncludes bibliographical references (p. [435]-449 ) and index
650 _aEcology - Mathematical models
990 _af2c5ea04ac10000c03aff39d21ae810e
991 _a253861
999 _c368441
_d368441